Ambito hogareño y cambios estacionales del venado cola blanca en un bosque tropical caducifolio (Registro nro. 10670)

Detalles MARC
000 -CABECERA
Campo de control 007220000a22002050004500
090 ## - CLASIFICACIÓN LOCAL
Colección AR
Consecutivo 01589
041 0# - IDIOMA
Código de idioma para texto/pista de sonido o título separado
100 1# - ASIENTO PRINCIPAL--NOMBRE PERSONAL
Nombre personal Sánchez Rojas, Gerardo
245 10 - MENCION DE TITULO
Título Ambito hogareño y cambios estacionales del venado cola blanca en un bosque tropical caducifolio
650 14 - ASIENTO SECUNDARIO DE MATERIA - TERMINO TEMATICO
Término temático o nombre geográfico como elemento de entrada Ecología de poblaciones
650 14 - ASIENTO SECUNDARIO DE MATERIA - TERMINO TEMATICO
Término temático o nombre geográfico como elemento de entrada Uso del hábitat
650 14 - ASIENTO SECUNDARIO DE MATERIA - TERMINO TEMATICO
Término temático o nombre geográfico como elemento de entrada Etología
650 14 - ASIENTO SECUNDARIO DE MATERIA - TERMINO TEMATICO
Término temático o nombre geográfico como elemento de entrada Manejo de especies
651 #4 - ASIENTO SECUNDARIO DE MATERIA - NOMBRE GEOGRAFICO
-- Chamela
-- Jalisco
-- México
653 ## - TERMINO DE INDIZACION - NO CONTROLADO
-- Odocoileus
-- Odocoileus virginianus
-- venado cola blanca
700 1# - ASIENTO SECUNDARIO - NOMBRE PERSONAL
Nombre personal Mandujano, Salvador
700 1# - ASIENTO SECUNDARIO - NOMBRE PERSONAL
Nombre personal Gallina, Sonia
773 1# - Item fuente:
Título Simposio sobre Venados de México
Especificación de materiales 558
Paginas del Articulo 136-147
Lugar, editorial y fecha de publicación 1994
942 ## - ELEMENTOS ADICIONALES (KOHA)
Tipo de ítem Artículo
Existencias
Withdrawn status Lost status Damaged status No para préstamo Colección Ubicación Permanente Ubicación actual Fecha de adquisición Fuente de Valor Datos de publicación Seriada Total Checkouts Número topográfico Inventario / Código de Barras Date last seen Ejemplar Price effective from Forma de adquisición Tipo de material
      No para Préstamo Hemeroteca Bogotá Bogotá 27/02/2015 Muñoz Saba, Yaneth Fuera de circulación   AR 01589 011949 25/03/2015 1 25/03/2015   Artículo